000 00414nam a2200181Ia 4500
001 4198
005 20260306145738.0
008 260306t2018||||xx |||||||||||||| ||spa||
041 _aESP
082 _a320.01
_bA69A
100 _aArendt, Hannah
_eAUT
245 0 _a¿Qué es la política?
260 _c2018
300 _a181 páginas :
_c21 cm.
650 _aGEN
654 _aCDE
942 _cLIB
_dJUS
_fJUS
_2ddc
_n
999 _c4198
_d4198